Daily Capital City Riddle #148 - Statistics

General Stats
  • This quiz has been taken 34 times
  • The average score is 34 of 38
Answer Stats
Type Answer % Correct
Found Letter A
100%
Alphabet Letter C
100%
Alphabet Letter E
100%
Found Letter I
100%
Found Letter N
100%
Found Letter O
100%
Found Letter P
100%
Found Letter T
100%
Alphabet Letter D
97%
Alphabet Letter H
97%
Alphabet Letter L
97%
Alphabet Letter M
97%
Correctly Placed Letter O
97%
Found Letter R
97%
Found Letter S
97%
Alphabet Letter U
97%
Alphabet Letter G
93%
Correctly Placed Letter P
93%
Correctly Placed Letter R
93%
Correctly Placed Letter T
93%
Alphabet Letter W
93%
Alphabet Letter B
90%
Correctly Placed Letter O
90%
Alphabet Letter J
86%
Alphabet Letter Y
86%
Correctly Placed Letter A
83%
Alphabet Letter K
83%
Alphabet Letter V
83%
Alphabet Letter X
83%
Found Letter F
79%
Alphabet Letter Q
79%
Correctly Placed Letter S
79%
Alphabet Letter Z
79%
Correctly Placed Letter F
76%
Correctly Placed Letter I
76%
Correctly Placed Letter N
76%
Correctly Placed Letter P
76%
Mystery Capital Port-of-Spain
76%
No matching quizzes found
Score Distribution
Percent of People with Each Score
Percentile by Number Answered
Your Score History
You have not taken this quiz